| 000 | 00565nam a2200205Ia 4500 | ||
|---|---|---|---|
| 005 | 20220922090514.0 | ||
| 008 | 131103s9999 xx 000 0 und d | ||
| 020 |
_a195637917 _cRs.495 |
||
| 040 | _aLoreto College | ||
| 041 | _aEnglish | ||
| 082 |
_a954.02 _bHAB |
||
| 245 |
_aAkbar and his India _cedited by Irfan Habib |
||
| 260 |
_aDelhi _bOxford University Press _c1997 |
||
| 300 |
_avii,315 p. _b ill. |
||
| 504 | _aIncludes index and bibliographical references | ||
| 650 | _aMughal History | ||
| 700 | _aHabib,Irfan,ed. | ||
| 850 | _aLCLIB | ||
| 942 | _cBK | ||
| 999 |
_c9408 _d59887 |
||